000 00489nam a2200205Ia 4500
003 0100
008 130303s9999 xx 000 0 und d
020 _a0675083583
040 _cARRUPELIB
050 _aBC108.K43 1978
100 _aKegley, Charles W
245 _aIntroduction to logic
260 _aColumbus
260 _bCharles E. Merrill Publishing Company
260 _C1978
300 _a525p.
300 _b 25cm
700 _aKegley, Jacquelyn Ann
942 _2lcc
_01
999 _c59411
_d59411